000 01043nam a2200313 i 4500
003 EG-GICUC
005 20260221232420.0
008 260221s1996 fr ||||fr ||| 00| 0 fre d
020 _a2233003020
040 _aEG-GICUC
_cEG-GICUC
_dEG-GICUC
_erda
_bfre
082 0 4 _221
_a341.511
_bCO . S
092 0 4 _221
099 _aLaw1 11 341.511 CO . S 1996
100 1 _aCosnard,Michel
_eAuteur
245 _aLa Soumission Des États Aux Tribunaux Internes :
_bFace à la Théorie Ddes Immunités Des États /
_cMichel Cosnard .
264 0 _aParis :
_bRevue Générale de Droit International Public ,
_c1996 .
300 _a478 Pages;
_c30 cm.
336 _atext
_2rda content
337 _aComputer
_2rda media
338 _aOnline Resource
_2rda carrier
546 _aTexte en français
650 0 4 _aDroit International Public
650 0 4 _aTribunaux Internationaux
651 1 _2qrmak
700 1 _aStern,Brigitte
_eAuteur
856 _uhttps://fll.law.cu.edu.eg/fulltext/th/B11-07809.pdf
905 _a59
942 _2ddc
_cBK
_e21
_n0
999 _c63961
_d63961